000 00463nam a22001697a 4500
005 20251108171822.0
008 250721s1994 xx 000 0 ara d
082 1 4 _a410.72/عاد
100 1 _aخلف، عادل
245 1 0 _aاللغة و البحث اللغوي /
264 1 _aالقاهرة :
_bمكتبة الآداب،
_c1994.
300 _a127ص
650 1 7 _aاللغة العربية
650 1 7 _aالبحث
942 _2ddc
_cBK
999 _c63378
_d63378